000 00840nam a22002417a 4500
001 1949
003 FISKH
005 20231020091721.0
008 231020b cb ||||| |||| 00| 0 eng d
020 _a9788131904138
040 _aFISKH
_beng
_cFISKH
_dFISKH
082 _a 428.1
100 _aJain, Kuldeep
245 _aMy town /
_bMy first picture book :
260 _aNew Delhi :
_bB. Jain ;
_c1921.
300 _a16 pages :
_bcolor illustrations ;
_c28 cm
505 _aB
520 _aMy First Picture Workbook takes the children on a tour of their surroundings and all the places they visit. The journey starts with home, goes to school, then their home and at the end reaches their country.
521 8 _a160
_bLexile estimate
521 8 _aB
_bRaz-Plus
650 _aPicture
_vTown
_xTour
942 _2ddc
_cBK
_n0
999 _c1949
_d1949